LEADER 01145nam0-2200349---450- 001 990008337220403321 005 20060601091448.0 010 $a2-204-07115-3 035 $a000833722 035 $aFED01000833722 035 $a(Aleph)000833722FED01 035 $a000833722 100 $a20060601d2003----km-y0itay50------ba 101 2 $afre$alat 102 $aFR 105 $ay---a---001cy 200 1 $aDébat entre un luciférien et un orthodoxe$fJérôme$gintroduction, texte critique, traduction, notes et index par Aline Canellis 210 $aParis$cLes Éditions du Cerf$d2003 215 $a225 p.$d20 cm 225 1 $aSources chrétiennes$v473 300 $aTrad. francese a fronte 500 10$aAltercatio Luciferiani et Orthodoxi$m$923263 676 $a273.4$v20$zita 700 0$aHieronymus$f<342/347-419>$0187193 702 1$aCanellis,$bAline 801 0$aIT$bUNINA$c2006$gRICA$2UNIMARC 901 $aBK 912 $a990008337220403321 952 $aP2B-590-S.C.-HIERON.-401A-2003$bBibl. 53460$fFLFBC 959 $aFLFBC 996 $aAltercatio Luciferiani et Orthodoxi$923263 997 $aUNINA LEADER 00893nam--2200325---450- 001 990002722700203316 005 20060317135023.0 010 $a0-7546-3190-7 035 $a000272270 035 $aUSA01000272270 035 $a(ALEPH)000272270USA01 035 $a000272270 100 $a20060317d2003----km-y0itay0103----ba 101 $aeng 102 $aGB 105 $a||||||||001yy 200 1 $aDoes god exist?$ethe craig-flew debate$fedited by Stan W. Wallace 210 $aAldershot$cAshgate$dcopyr. 2003 215 $aX, 230 p.$d23 cm 606 0 $aDio$xEsistenza 676 $a212.1 702 1$aWALLACE,$bStan W. 801 0$aIT$bsalbc$gISBD 912 $a990002722700203316 951 $aII.2. 4145 (XIV 1879)$b187314 L.M.$cXIV$d00177411 959 $aBK 969 $aUMA 979 $aCHIARA$b90$c20060317$lUSA01$h1350 996 $aDoes god exist$91000443 997 $aUNISA